000 01459cam a22004095a 4500
999 _c532080
_d532080
001 18890150
003 Nust
005 20191107133045.0
008 151210s2013 my 001 0 eng
010 _a 2015319545
020 _a9830650464
020 _a9789830653419
038 _aMSOHAIL
040 _aDLC
_beng
_cDLC
_erda
_dDLC
041 1 _aeng
_hper
042 _alcode
082 _a297.4
_bHUJ
100 1 _aMakhdom Um Syed Ali Hassni Ghaznavi
_d-approximately 1072,
_eauthor.
_925380
240 1 0 _aKashf al-maḥjūb.
_lEnglish
245 1 4 _aThe kashful mahjub :
_bunveiling the veiled : the earliest treatise on sufism /
_cSyed Ali bin Uthman al-Hujweri ; translation with special commentary by Maulana Wahid Bakhash Rabbani.
250 _aThird print.
264 1 _aKuala Lumpur :
_bA.S. Noordeen,
_c2013
300 _axxix, 640 pages ;
_c25 cm
336 _atext
_btxt
_2rdacontent
337 _aunmediated
_bn
_2rdamedia
338 _avolume
_bnc
_2rdacarrier
500 _aIncludes index.
546 _aEnglish translation of the author's original Persian work.
650 0 _aSufism
_vEarly works to 1800.
_91631
650 0 _aAsceticism
_xIslam.
_91632
650 0 _aMysticism
_xIslam.
_91633
650 0 _aIslam
_xDoctrines.
_91634
700 1 _aSiyāl, Vāḥid Bak̲h̲sh,
_d1910-
_etranslator.
_925381
906 _a0
_bpar
_corigode
_d3
_encip
_f20
_gy-gencatlg
942 _2ddc
_cBK